000 00518nam a2200169Ia 4500
008 220216s9999 xx 000 0 und d
100 _aMonroy Rivera C
245 0 _aAdditive equations for estimating volume components in rubber (Hevea brasiliensis) in Veracruz, Mexico
260 _bCiencia Forestal en Mexico
_c2004
300 _a43-60
650 _aForest plantations
650 _aStatistical analysis
650 _aVolume determination
700 _aNavar Chaidez J de J
856 _uCAB CD
942 _cJS
999 _c53797
_d53797